ANATOMY AND PHYSIOLOGY OF FARM ANIMALS (Record no. 17109)

MARC details
000 -LEADER
fixed length control field 00462nam a22001817a 4500
003 - CONTROL NUMBER IDENTIFIER
control field OSt
005 - DATE AND TIME OF LATEST TRANSACTION
control field 20211108110218.0
008 - FIXED-LENGTH DATA ELEMENTS--GENERAL INFORMATION
fixed length control field 211108b |||||||| |||| 00| 0 eng d
020 ## - INTERNATIONAL STANDARD BOOK NUMBER
International Standard Book Number 0812107594
040 ## - CATALOGING SOURCE
Transcribing agency HAWASSA UNIVERSITY
050 ## - LIBRARY OF CONGRESS CALL NUMBER
Classification number 636.0892/FRA
Item number 4
082 ## - DEWEY DECIMAL CLASSIFICATION NUMBER
Edition number 3
Classification number 636.0892/FRA
Item number 4
100 ## - MAIN ENTRY--PERSONAL NAME
Personal name FRANDSON R.D.
9 (RLIN) 17211
245 ## - TITLE STATEMENT
Title ANATOMY AND PHYSIOLOGY OF FARM ANIMALS
260 ## - PUBLICATION, DISTRIBUTION, ETC.
Place of publication, distribution, etc. LONDON
Name of publisher, distributor, etc. AMERICA
Date of publication, distribution, etc. 1981
300 ## - PHYSICAL DESCRIPTION
Extent 553
942 ## - ADDED ENTRY ELEMENTS (KOHA)
Source of classification or shelving scheme Dewey Decimal Classification
Koha item type Books like text book referance book
Suppress in OPAC No
Holdings
Withdrawn status Lost status Source of classification or shelving scheme Damaged status Not for loan Home library Current library Date acquired Total Checkouts Full call number Barcode Date last seen Copy number Price effective from Koha item type
    Dewey Decimal Classification     College of Agriculture Library College of Agriculture Library 11/08/2021   636.0892/FRA ALIB0008079 11/08/2021 5 11/08/2021 Books like text book referance book
    Dewey Decimal Classification     College of Agriculture Library College of Agriculture Library 11/08/2021   636.0892/FRA ALIB0008080 11/08/2021 6 11/08/2021 Books like text book referance book
    Dewey Decimal Classification     College of Agriculture Library College of Agriculture Library 11/08/2021   636.0892/FRA ALIB0008081 11/08/2021 8 11/08/2021 Books like text book referance book
    Dewey Decimal Classification     College of Agriculture Library College of Agriculture Library 11/08/2021   636.0892/FRA ALIB001292 11/08/2021 13 11/08/2021 Books like text book referance book